Southville International School and Colleges
Your cart is empty.
  • Cart
  • Lists
    Public lists Eva Luna New books Lux_list list_1
    Your lists Log in to create your own lists
  • Log in to your account
  • Your cookies
  • Search history
Southville International School and Colleges
  • Advanced search
  • Recent comments
  • Most popular
  • Libraries

Log in to your account

Log in with GOOGLE


If you do not have an external account, but do have a local account, you can still log in:

  1. Home
  2. MARC view: The human record
Normal view MARC view ISBD view

The human record (Record no. 16085)

[ view plain ]
MARC details
000 -LEADER
fixed length control field 00625nam a22002177a 4500
003 - CONTROL NUMBER IDENTIFIER
control field SISC
005 - DATE AND TIME OF LATEST TRANSACTION
control field 20170206110251.0
008 - FIXED-LENGTH DATA ELEMENTS--GENERAL INFORMATION
fixed length control field 130214t xxu||||| |||| 00| 0 eng d
020 ## - INTERNATIONAL STANDARD BOOK NUMBER
International Standard Book Number 9781111341367
050 ## - LIBRARY OF CONGRESS CALL NUMBER
Classification number D 5
Item number .An556 2012
082 ## - DEWEY DECIMAL CLASSIFICATION NUMBER
Classification number M 909
Item number An556 2012
100 ## - MAIN ENTRY--PERSONAL NAME
Personal name Andrea, Alfred J.
245 ## - TITLE STATEMENT
Title The human record
Remainder of title sources of global history
Statement of responsibility, etc Andrea, Alfred J.
250 ## - EDITION STATEMENT
Edition statement 7th edition.
260 ## - PUBLICATION, DISTRIBUTION, ETC. (IMPRINT)
Place of publication, distribution, etc Boston :
Name of publisher, distributor, etc Wadsworth, Cengage Learning,
Date of publication, distribution, etc 2012.
300 ## - PHYSICAL DESCRIPTION
Extent xxx, 528 pages :
Other physical details illustrations (some color ) ;
Dimensions 23 cm.
526 ## - STUDY PROGRAM INFORMATION NOTE
Reading level 1210L-1700L
562 ## - COPY AND VERSION IDENTIFICATION NOTE
Number of copies 1
942 ## - ADDED ENTRY ELEMENTS (KOHA)
Source of classification or shelving scheme Library of Congress Classification
Koha item type Books
Holdings
Withdrawn status Lost status Source of classification or shelving scheme Damaged status Home library Current library Shelving location Date acquired Source of acquisition Total Checkouts Full call number Barcode Date last seen Copy number Price effective from Koha item type
    Library of Congress Classification   College Library College Library Reserve Section 02/14/2013 Library Fund   D 5 .A556 2012 c15600 05/15/2018 1 02/14/2013 Books

The human record

APA

Andrea A. J., . (2012). The human record. Boston: Wadsworth, Cengage Learning.

Chicago

Andrea Alfred J, . 2012. The human record. Boston: Wadsworth, Cengage Learning.

Harvard

Andrea A. J., . (2012). The human record. Boston: Wadsworth, Cengage Learning.

MLA

Andrea Alfred J, . The human record. Boston: Wadsworth, Cengage Learning. 2012.

  • Place hold
  • Print
  • Cite
  • Add to your cart (remove)
  • Save record
    BIBTEX Dublin Core MARCXML MARC (non-Unicode/MARC-8) MARC (Unicode/UTF-8) MARC (Unicode/UTF-8, Standard) MODS (XML) RIS
  • More searches
    Search for this title in:
    Other Libraries (WorldCat) Other Databases (Google Scholar) Online Stores (Bookfinder.com) Open Library (openlibrary.org)

Exporting to Dublin Core...

SOUTHVILLE LIBRARY

Southville International School and Colleges Library

1281 Tropical Ave. Cor. Luxembourg St., BF Homes International, Las Pinas City

Tel. No. 8256374 / 252358 Loc. 117/146

Powered by Koha